Music Quiz

Random Music or Lyrics Quiz

Duran Duran Lyrics - Union of the Snake Quiz Stats

Quiz not verified by Sporcle

Challenge
Share
Tweet
Embed
Score 0/110 Timer 06:00
1 Play Today
Answer % Correct
and
99.2%
a
99.2%
a
99.2%
And
99.2%
the
99.2%
The
99.2%
the
99.2%
the
99.2%
the
99.2%
a
99.2%
a
99.2%
a
99.2%
The
99.2%
the
99.2%
the
99.2%
the
99.2%
Union
98.5%
Snake
98.5%
Union
98.5%
Snake
98.5%
I
97.7%
I
97.7%
I
97.7%
I
97.7%
of
96.9%
of
96.9%
is
94.7%
is
94.7%
on
93.9%
on
93.9%
on
93.9%
on
93.9%
to
91.6%
to
91.6%
it's
88.5%
it's
88.5%
gonna
88.5%
Answer % Correct
it's
88.5%
gonna
88.5%
It's
88.5%
gonna
88.5%
it's
88.5%
gonna
88.5%
Gonna
88.5%
break
86.3%
break
86.3%
break
86.3%
you
84.7%
them
84%
up
83.2%
borderline
83.2%
up
83.2%
borderline...
83.2%
can
82.4%
hear
82.4%
in
82.4%
If
81.7%
climb
80.9%
me
80.9%
me
80.9%
me
80.9%
climb
80.9%
through
80.2%
Through
80.2%
close
79.4%
listen
77.9%
your
77.9%
radio
77.9%
Moving
77.1%
be
77.1%
There's
76.3%
There's
76.3%
line
75.6%
Voices
75.6%
Answer % Correct
coming
75.6%
think
74.8%
Give
74.8%
give
74.8%
Give
74.8%
about
74%
body
72.5%
this
71.8%
big
71.8%
mistake
71.8%
at
71%
was
70.2%
could
70.2%
chance
68.7%
right
67.9%
knew
67.2%
My
67.2%
fine
65.6%
together
64.1%
singers
64.1%
least
63.4%
anything
63.4%
force
61.8%
drawing
61.8%
senses
61.1%
strength
61.1%
sympathy
60.3%
move
60.3%
race
59.5%
even
59.5%
race
59.5%
ready
58.8%
warning
57.3%
light
57.3%
Telegram
55%
Nightshades
50.4%

You're not logged in!

Compare scores with friends on all Sporcle quizzes.
Join for Free
OR
Log In

You Might Also Like...

Show Comments

Extras

Top Quizzes Today


Score Distribution

Your Account Isn't Verified!

In order to create a playlist on Sporcle, you need to verify the email address you used during registration. Go to your Sporcle Settings to finish the process.

Report this User

Report this user for behavior that violates our Community Guidelines.

Details: